Famous Bruce's by Picture - Statistics

General Stats
  • This quiz has been taken 111 times
  • The average score is 4 of 5
Answer Stats
Picture Answer % Correct
Bruce Lee
96%
Bruce Wayne
86%
Bruce Banner
84%
Bruce Springsteen
81%
Bruce Willis
81%
No matching quizzes found
Score Distribution
Percent of People with Each Score
Percentile by Number Answered
Your Score History
You have not taken this quiz